[Event "IBM"]
[Site "Amsterdam"]
[Date "1980.??.??"]
[Round "?"]
[White "Ribli, Zoltan"]
[Black "Hort, Vlastimil"]
[Result "0-1"]
[WhiteElo "2610"]
[BlackElo "2595"]

1.c4 Nf6 2.Nc3 e6 3.Nf3 d5 4.d4 Be7 5.Bg5 O-O 6.e3 h6 7.Bh4 b6 8.Rc1 c6 9.Bd3 Nbd7
10.O-O Bb7 11.Qe2 c5 12.Rfd1 cxd4 13.Nxd4 Rc8 14.Bg3 Nc5 15.Bb1 Ba6 16.Ndb5 Qd7
17.Be5 Rfd8 18.cxd5 exd5 19.h3 Qe6 20.Bd4 Nce4 21.Qf3 Bxb5 22.Nxb5 Nd2 23.Qf5 Nxb1
24.Qxb1 Qd7 25.Rxc8 Qxc8 26.Nxa7 Qd7 27.Bxb6 Rb8 28.Bd4 Rb7 29.Rc1 Rxa7 30.Bxa7 Qxa7
31.b4 g6 32.b5 Bc5 33.Qb3 d4 34.exd4 Bxd4 35.Rc2 Qe7 36.Qd3 Qe1+ 37.Qf1 Qe4
38.Qe2 Qf4 39.Rc4 Nd5  0-1

[Event "IBM"]
[Site "Amsterdam"]
[Date "1980.??.??"]
[Round "?"]
[White "Ribli, Zoltan"]
[Black "Sosonko, Gennadi"]
[Result "1/2-1/2"]
[WhiteElo "2610"]
[BlackElo "2545"]

1.c4 c5 2.Nc3 Nc6 3.g3 g6 4.Bg2 Bg7 5.Nf3 e6 6.h4 d5 7.h5 Nge7 8.cxd5 exd5
9.d3 h6 10.hxg6 fxg6 11.Bd2 g5 12.Qa4 Bd7 13.O-O Nd4 14.Qd1 Be6 15.Rc1 O-O
16.a3 Qd7 17.b4  1/2-1/2

[Event "IBM"]
[Site "Amsterdam"]
[Date "1980.??.??"]
[Round "?"]
[White "Ribli, Zoltan"]
[Black "Van der Wiel, John TH"]
[Result "1-0"]
[WhiteElo "2610"]
[BlackElo "2465"]

1.Nf3 Nf6 2.c4 g6 3.g3 Bg7 4.Bg2 d6 5.Nc3 O-O 6.O-O e5 7.d4 Nbd7 8.e4 exd4
9.Nxd4 Nc5 10.h3 Re8 11.Re1 a5 12.Rb1 Nfd7 13.Be3 c6 14.b3 Nf8 15.Qd2 Be6
16.f4 Qd7 17.Kh2 Rad8 18.Rbd1 f5 19.Nxe6 Qxe6 20.Bd4 fxe4 21.Nxe4 Qf5 22.Bxc5 dxc5
23.Qxd8 Rxd8 24.Rxd8 Qe6 25.Re8 Qf5 26.h4 h6 27.Bh3 Qh5 28.Kg2 Kh8 29.Rxf8+  1-0

[Event "IBM"]
[Site "Amsterdam"]
[Date "1980.??.??"]
[Round "?"]
[White "Sosonko, Gennadi"]
[Black "Ribli, Zoltan"]
[Result "1/2-1/2"]
[WhiteElo "2545"]
[BlackElo "2610"]

1.d4 Nf6 2.c4 e6 3.Nf3 b6 4.g3 Ba6 5.Nbd2 Bb7 6.Bg2 c5 7.O-O Be7 8.b3 O-O
9.Bb2 d6 10.Re1 cxd4 11.Nxd4 Bxg2 12.Kxg2 Qc7 13.e4 Nc6 14.Nxc6 Qxc6  1/2-1/2

[Event "Malta ol (Men)"]
[Site "La Valetta"]
[Date "1980.??.??"]
[Round "?"]
[White "Rantanen, Yrjo A"]
[Black "Ribli, Zoltan"]
[Result "1/2-1/2"]
[WhiteElo "2425"]
[BlackElo "2610"]

1.e4 c5 2.Nf3 d6 3.d4 cxd4 4.Nxd4 Nf6 5.Nc3 a6 6.f4 Qc7 7.Be2 e6 8.Be3 Be7
9.O-O O-O 10.Qe1 b5 11.Bf3 Bb7 12.e5 Ne8 13.Qg3 dxe5 14.fxe5 Nd7 15.Rad1 b4
16.Nce2 Bxf3 17.Nxf3 Nc5 18.Rd4 a5  1/2-1/2

[Event "Malta ol (Men)"]
[Site "La Valetta"]
[Date "1980.??.??"]
[Round "?"]
[White "Ribli, Zoltan"]
[Black "Polugaevsky, Lev"]
[Result "1/2-1/2"]
[WhiteElo "2610"]
[BlackElo "2635"]

1.Nf3 Nf6 2.c4 e6 3.g3 d5 4.Bg2 dxc4 5.Qa4+ Nbd7 6.Qxc4 c5 7.O-O b6 8.d4 Bb7
9.Nc3 Rc8 10.Rd1 a6 11.dxc5 Bxc5 12.Qf4 O-O 13.Ne5 Bxg2 14.Nxd7 Nxd7 15.Kxg2 Rc6
16.Be3 Bxe3 17.Qxe3 Qc7 18.Rd4  1/2-1/2

[Event "Malta ol (Men)"]
[Site "La Valetta"]
[Date "1980.??.??"]
[Round "?"]
[White "Ribli, Zoltan"]
[Black "Sosonko, Gennadi"]
[Result "1/2-1/2"]
[WhiteElo "2610"]
[BlackElo "2545"]

1.d4 Nf6 2.c4 e6 3.Nf3 d5 4.Nc3 Bb4 5.cxd5 exd5 6.Bg5 h6 7.Bxf6 Qxf6 8.Qb3 c5
9.a3 Bxc3+ 10.Qxc3 Nd7 11.e3 a6 12.a4 b6 13.Be2 Rb8 14.O-O O-O 15.b3 Bb7
16.Rfe1 Rfc8 17.h3 a5 18.Bb5 cxd4 19.Qxd4 Qxd4 20.Nxd4  1/2-1/2

[Event "Malta ol (Men)"]
[Site "La Valetta"]
[Date "1980.??.??"]
[Round "?"]
[White "Stean, Michael"]
[Black "Ribli, Zoltan"]
[Result "0-1"]
[WhiteElo "2530"]
[BlackElo "2610"]

1.Nf3 Nf6 2.c4 b6 3.Nc3 Bb7 4.d4 e6 5.a3 d5 6.cxd5 Nxd5 7.e3 Be7 8.Bb5+ c6
9.Bd3 O-O 10.Bd2 c5 11.dxc5 bxc5 12.O-O Nc6 13.Qe2 Rc8 14.Rfd1 Nb6 15.Rac1 c4
16.Bxc4 Nxc4 17.Qxc4 Ne5 18.Qe2 Nxf3+ 19.gxf3 Bd6 20.Ne4 Bxe4 21.fxe4 Qg5+
22.Kf1 Bxh2 23.Qf3 Qb5+ 24.Kg2 Be5 25.Bb4 Rfe8 26.Rxc8 Rxc8 27.Qh5 a6 28.f4 g6
29.Qxe5 Qe2+ 30.Kg3 Qxe3+ 31.Kh4 Qf2+ 32.Kg4 Qg2+ 33.Kh4 h5  0-1

[Event "Malta ol (Men)"]
[Site "La Valetta"]
[Date "1980.??.??"]
[Round "?"]
[White "Tringov, Georgi P"]
[Black "Ribli, Zoltan"]
[Result "1/2-1/2"]
[WhiteElo "2455"]
[BlackElo "2610"]

1.e4 c5 2.Nf3 d6 3.d4 cxd4 4.Nxd4 Nf6 5.Nc3 a6 6.Bg5 e6 7.f4 Qb6 8.Qd2 Qxb2
9.Nb3 Qa3 10.Bxf6 gxf6 11.Be2 Nc6 12.O-O Bd7 13.Bh5 Bg7 14.f5 O-O 15.Ne2 Qb4
16.Rad1 Qxe4 17.Ng3 Qb4 18.Qxd6 Rfd8 19.Qxb4 Nxb4 20.Nc5 Bc6 21.fxe6 fxe6
22.Nxe6 Rxd1 23.Rxd1 Nxa2 24.Nf5 Bf8 25.Rd4 Be8 26.Bf3 Bg6 27.g4 Re8 28.Nxf8 Kxf8
29.Bxb7 a5 30.Rd6 Bxf5 31.Rxf6+ Kg7 32.Rxf5 Re7 33.Rxa5 Nb4 34.Ba8 Nxc2 35.Kf2 Nd4
36.Ra4 Ne6 37.Kg3 Nc5 38.Rc4 Re5 39.Bf3 h6 40.Rd4 Kf6 41.Rd6+ Re6 42.Rd8 Ne4+
43.Kf4 Ng5 44.Bg2 Re2 45.Kg3 Ne4+  1/2-1/2

[Event "Baden-Baden"]
[Site "Baden-Baden"]
[Date "1981.??.??"]
[Round "?"]
[White "Ivkov, Borislav"]
[Black "Ribli, Zoltan"]
[Result "1/2-1/2"]
[WhiteElo "2510"]
[BlackElo "2590"]

1.Nf3 c5 2.c4 Nf6 3.Nc3 e6 4.e3 Nc6 5.d4 d5 6.a3 cxd4 7.exd4 Be7 8.Bd3 dxc4
9.Bxc4 O-O 10.O-O b6 11.d5  1/2-1/2

[Event "Baden-Baden"]
[Site "Baden-Baden"]
[Date "1981.??.??"]
[Round "?"]
[White "Bastian, Herbert"]
[Black "Ribli, Zoltan"]
[Result "1/2-1/2"]
[WhiteElo "2320"]
[BlackElo "2590"]

1.e4 c5 2.Nc3 d6 3.g3 g6 4.Bg2 Bg7 5.d3 Nc6 6.f4 e5 7.Nf3 Nge7 8.O-O O-O
9.Be3 exf4 10.gxf4 Nd4 11.Qd2 Nec6 12.Rab1 Bg4 13.Nd5 Nxf3+ 14.Bxf3 Bxf3
15.Rxf3 f5 16.c3 Qd7 17.Re1 fxe4 18.dxe4 Ne5 19.Rg3 Nc4 20.Qg2 Nxe3 21.Rexe3 Rae8  1/2-1/2

[Event "Baden-Baden"]
[Site "Baden-Baden"]
[Date "1981.??.??"]
[Round "?"]
[White "De Firmian, Nick E"]
[Black "Ribli, Zoltan"]
[Result "1/2-1/2"]
[WhiteElo "2405"]
[BlackElo "2590"]

1.e4 c5 2.Nf3 d6 3.d4 cxd4 4.Nxd4 Nf6 5.Nc3 a6 6.Bc4 e6 7.Bb3 b5 8.O-O Be7
9.f4 O-O 10.e5 dxe5 11.fxe5 Nfd7 12.Be3 Nxe5 13.Qh5 Nc4 14.Bxc4 bxc4 15.Rad1 Qc7
16.Rf3 g6 17.Qh6 f5 18.Nxf5 Rxf5 19.Rxf5 gxf5 20.Bd4 e5 21.Nd5 Qd6 22.Nxe7+ Qxe7
23.Bxe5 Nd7 24.Bc3 Bb7 25.Re1 Be4 26.Re3 Ne5 27.Rg3+ Ng6 28.h4 Rd8 29.a3 a5
30.Kh2 Rd1 31.Rxg6+ hxg6 32.Qxg6+ Kf8 33.Qh6+ Kg8 34.Qg6+ Kf8 35.Qh6+ Kg8
36.Qh8+ Kf7 37.Qh5+ Ke6 38.Qxd1 Qxh4+ 39.Kg1 Qg5 40.Qe2 Qc1+  1/2-1/2

[Event "Baden-Baden"]
[Site "Baden-Baden"]
[Date "1981.??.??"]
[Round "?"]
[White "Honfi, Karoly"]
[Black "Ribli, Zoltan"]
[Result "0-1"]
[WhiteElo "2390"]
[BlackElo "2590"]

1.e4 c5 2.Nf3 e6 3.Nc3 d6 4.g3 Nf6 5.Bg2 Be7 6.O-O O-O 7.d4 cxd4 8.Nxd4 a6
9.f4 Qc7 10.Be3 Nc6 11.Qe2 Bd7 12.Rad1 Rac8 13.f5 b5 14.fxe6 fxe6 15.Bh3 Nxd4
16.Rxd4 h6 17.a3 Nh7 18.Rfd1 Ng5 19.Bxg5 hxg5 20.Qh5 Rcd8 21.Kh1 Bc8 22.R4d3 Qc5
23.Rf1 Rxf1+ 24.Bxf1 Bf6 25.Rf3 Qe5 26.Bd3 Bb7 27.Qg6 Bc6 28.Qh5 Rb8 29.g4 b4
30.axb4 Rxb4 31.Kg2 Rxb2 32.Nd1 Rb8 33.Nf2 Be8 34.Qh3 a5 35.Bc4 Bf7 36.Rb3 Rc8
37.Rb5 Qd4 38.Bd3 a4 39.e5 Bxe5 40.Qh7+ Kf8 41.Ne4 d5 42.Nf2 Ke7 43.Ra5 Rf8  0-1

[Event "Baden-Baden"]
[Site "Baden-Baden"]
[Date "1981.??.??"]
[Round "?"]
[White "Hort, Vlastimil"]
[Black "Ribli, Zoltan"]
[Result "1/2-1/2"]
[WhiteElo "2595"]
[BlackElo "2590"]

1.d4 Nf6 2.Nf3 e6 3.Bg5 c5 4.e3 h6 5.Bh4 Be7 6.Bd3 b6 7.O-O Bb7 8.c4 cxd4
9.Nxd4 Nc6 10.Nxc6 Bxc6 11.Nc3 O-O 12.Bg3 d5 13.Rc1 Bd6 14.cxd5 Nxd5  1/2-1/2

[Event "Baden-Baden"]
[Site "Baden-Baden"]
[Date "1981.??.??"]
[Round "?"]
[White "Kestler, Hans Guenther"]
[Black "Ribli, Zoltan"]
[Result "0-1"]
[WhiteElo "2405"]
[BlackElo "2590"]

1.c4 Nf6 2.Nf3 b6 3.g3 c5 4.Bg2 Bb7 5.O-O e6 6.Nc3 Be7 7.b3 d6 8.Bb2 a6 9.d4 cxd4
10.Nxd4 Bxg2 11.Kxg2 Qc7 12.e4 O-O 13.Qe2 Re8 14.f3 Nbd7 15.Rad1 Bf8 16.Rfe1 Qb7
17.Rd2 Rac8 18.Nc2 Rc7 19.Ba3 Nc5 20.Red1 Rec8 21.e5 dxe5 22.Qxe5 b5 23.Qe2 bxc4
24.bxc4 Ncd7 25.Bxf8 Kxf8 26.Ne3 Qb4 27.Ne4 Nxe4 28.Rxd7 Rxd7 29.Rxd7 Nc5
30.Rd2 h5 31.Nd1 f6 32.Nf2 e5 33.Rc2 Ne6 34.Qd3 Nd4 35.Rc1 Qb2 36.Rb1 Qxa2
37.Qh7 Qxc4 38.Rb7 Rc7 39.Qh8+ Kf7 40.Rb8 Kg6  0-1

[Event "Baden-Baden"]
[Site "Baden-Baden"]
[Date "1981.??.??"]
[Round "?"]
[White "Ribli, Zoltan"]
[Black "Kortschnoj, Viktor"]
[Result "1/2-1/2"]
[WhiteElo "2590"]
[BlackElo "2695"]

1.Nf3 Nf6 2.c4 e6 3.g3 d5 4.Bg2 dxc4 5.Qa4+ Nbd7 6.Qxc4 c5 7.O-O b6 8.Rd1 Bb7
9.Nc3 a6 10.a4 Rc8 11.d4 cxd4 12.Qxd4 Bc5 13.Qf4 Qe7 14.Be3 Bxe3 15.Qxe3 O-O
16.Rd4 Qc5 17.Rad1 Rc7 18.R4d3 Qxe3 19.Rxe3 Rfc8 20.Ne5 Nxe5 21.Rxe5 Kf8
22.Bxb7 Rxb7 23.Re3 Ke7 24.Red3 Rd7 25.Rxd7+ Nxd7 26.Rd4 Ne5 27.Rb4 Nc4 28.Kf1 a5
29.Rb5 Nxb2 30.Rxb2 Rxc3 31.Rxb6 Rc4 32.Rb7+ Kf6 33.Ra7 Rxa4 34.Kg2 g5 35.h3 h5
36.Kf3 Ra1 37.e3 a4 38.Ra5 a3 39.g4 h4 40.Kg2 Kg6 41.Ra6 Kg7 42.Ra7 Kf8 43.Ra8+ Ke7
44.Ra7+ Ke8 45.Ra8+ Kd7 46.Ra7+ Kc6 47.Rxf7 Rb1 48.Ra7 Rb3 49.f4 gxf4 50.exf4 Kb6
51.Ra8 Rg3+ 52.Kh2 Kc5 53.f5 exf5 54.gxf5 Kb4 55.f6 Rf3 56.Rb8+ Kc3 57.Ra8  1/2-1/2

[Event "Baden-Baden"]
[Site "Baden-Baden"]
[Date "1981.??.??"]
[Round "?"]
[White "Ribli, Zoltan"]
[Black "Miles, Anthony J"]
[Result "1/2-1/2"]
[WhiteElo "2590"]
[BlackElo "2565"]

1.Nf3 Nf6 2.c4 c5 3.Nc3 d5 4.cxd5 Nxd5 5.d4 cxd4 6.Qxd4 Nxc3 7.Qxc3 Nc6 8.e4 e6
9.Bb5 Bd7 10.O-O Qb6 11.Ba4 Qc5 12.Qd3 Qd6 13.Qe2 a6 14.Rd1 Qc7 15.Bxc6 Bxc6
16.Nd4 Bd6  1/2-1/2

[Event "Baden-Baden"]
[Site "Baden-Baden"]
[Date "1981.??.??"]
[Round "?"]
[White "Ribli, Zoltan"]
[Black "Stajcic, Nikola"]
[Result "1-0"]
[WhiteElo "2590"]
[BlackElo "2215"]

1.c4 e6 2.Nf3 d5 3.d4 c5 4.cxd5 exd5 5.g3 Nf6 6.Bg2 Nc6 7.O-O Be7 8.Nc3 O-O
9.Bg5 Be6 10.dxc5 Bxc5 11.Rc1 Be7 12.Nd4 h6 13.Be3 Bg4 14.h3 Be6 15.Qa4 Qd7
16.Kh2 Rfd8 17.Rfd1 Ne5 18.Qb3 Rac8 19.Nxe6 fxe6 20.Bd4 Nc6 21.Bxf6 Na5 22.Nxd5 Nxb3
23.Nxe7+ Kf7 24.Rxd7 Nxc1 25.Rxb7 Kxf6 26.Nxc8 Rxc8 27.Rxa7 Rc2 28.b4 Rb2
29.a4 Rxb4 30.a5 Nxe2 31.a6 Ra4 32.Ra8 Kf7 33.a7 e5 34.Bc6  1-0

[Event "Baden-Baden"]
[Site "Baden-Baden"]
[Date "1981.??.??"]
[Round "?"]
[White "Roos, Louis"]
[Black "Ribli, Zoltan"]
[Result "0-1"]
[WhiteElo "2370"]
[BlackElo "2590"]

1.e4 c5 2.Nf3 d6 3.d4 cxd4 4.Nxd4 Nf6 5.Nc3 a6 6.Bg5 e6 7.f4 Qb6 8.Qd2 Qxb2
9.Nb3 Qa3 10.Bxf6 gxf6 11.Be2 Nc6 12.f5 h5 13.O-O Bd7 14.fxe6 fxe6 15.Rxf6 O-O-O
16.Rd1 Bg7 17.Rf3 Be5 18.Kh1 h4 19.Qe3 Rdf8 20.Rb1 Qb4 21.Rh3 Rf4 22.Nd2 Qd4
23.Nc4 Kc7 24.Qc1 Qf2 25.Nxe5 Nxe5 26.Qg1 Qc5 27.Qxc5+ dxc5 28.g3 Rf7 29.gxh4 b5
30.a3 Ng6 31.h5 Nf4 32.Rf1 Kd6 33.Rh4 Ke5 34.Bd1 Bc6 35.Rg4 b4 36.Rg5+ Rf5
37.Rxf5+ exf5 38.axb4 cxb4 39.Nd5 Nxd5 40.exd5 Bxd5+  0-1

[Event "HUN-ch"]
[Site "Budapest"]
[Date "1981.??.??"]
[Round "?"]
[White "Portisch, Lajos"]
[Black "Ribli, Zoltan"]
[Result "1/2-1/2"]
[WhiteElo "2650"]
[BlackElo "2585"]

1.c4 c5 2.Nf3 Nf6 3.Nc3 e6 4.e3 Nc6 5.d4 d5 6.cxd5 Nxd5 7.Bd3 Be7 8.O-O O-O
9.a3 cxd4 10.exd4 Bf6 11.Be4 Nce7 12.Qc2 g6 13.Ne5 b6 14.Bh6 Bg7 15.Nxd5 exd5
16.Bxg7 Kxg7 17.Bf3 Bf5 18.Qd2 Qd6 19.Rac1 Rac8 20.h4 h5 21.Rxc8 Bxc8 22.Rc1 Bf5
23.Qf4 Rd8 24.Re1 Qf6 25.g3 Rc8 26.Rc1 Qe6 27.Bg2 Rxc1+ 28.Qxc1 f6 29.Nf3 Qc6
30.Qe1 Kf7 31.Qd2 Qc2 32.Qxc2 Bxc2  1/2-1/2

[Event "Baile Herculane zt"]
[Site "Baile Herculane"]
[Date "1982.??.??"]
[Round "1"]
[White "Ribli, Zoltan"]
[Black "Pavlov, Mircea"]
[Result "1-0"]
[WhiteElo "2590"]
[BlackElo "2405"]

1.c4 c5 2.Nf3 Nf6 3.Nc3 d5 4.cxd5 Nxd5 5.g3 Nc6 6.Bg2 g6 7.Qb3 Nb6 8.Ne4 e5
9.d3 f5 10.Nc3 Qe7 11.O-O Be6 12.Qd1 Bg7 13.Ng5 Bc8 14.a4 a5 15.Be3 h6 16.Qb3 Nd4
17.Bxd4 exd4 18.Qxb6 dxc3 19.Qxg6+ Kf8 20.Nh7+ Rxh7 21.Qxh7 cxb2 22.Rab1 Be6
23.d4 Bxd4 24.Qxh6+ Bg7 25.Qf4 Kg8 26.Qe3 Re8 27.Qd2 Rd8 28.Qc2 Qf6 29.Qxc5 Ba2
30.Bxb7 Bxb1 31.Rxb1 Qe5  1-0

[Event "Baile Herculane zt"]
[Site "Baile Herculane"]
[Date "1982.??.??"]
[Round "2"]
[White "Ciocaltea, Victor"]
[Black "Ribli, Zoltan"]
[Result "0-1"]
[WhiteElo "2460"]
[BlackElo "2590"]

1.e4 c5 2.Nf3 d6 3.d4 cxd4 4.Nxd4 Nf6 5.Nc3 a6 6.Be3 e6 7.a4 b6 8.f4 Bb7
9.Bd3 Nbd7 10.Qe2 g6 11.O-O Bg7 12.Nb3 O-O 13.Rad1 Qc7 14.h3 Rfe8 15.Qf2 Nc5
16.e5 dxe5 17.fxe5 Nfe4 18.Bxe4 Nxe4 19.Nxe4 Bxe4 20.Bxb6 Qxc2 21.Nc5 Qxf2+
22.Rxf2 Bd5 23.Nd7 Rac8 24.b4 Rc4 25.Rd4 Rec8 26.a5 Rc1+ 27.Kh2 Re1 28.Rdf4 Rcc1
29.Rxf7 Rh1+ 30.Kg3 Rc3+ 31.Kh4 Bxg2 32.Rxg7+ Kxg7 33.Rxg2 Rhxh3+ 34.Kg4 Rcf3
35.Rf2 h5+ 36.Kg5 Rhg3+  0-1

[Event "Baile Herculane zt"]
[Site "Baile Herculane"]
[Date "1982.??.??"]
[Round "3"]
[White "Ribli, Zoltan"]
[Black "Pinter, Jozsef"]
[Result "1-0"]
[WhiteElo "2590"]
[BlackElo "2520"]

1.c4 Nf6 2.Nf3 c5 3.Nc3 e6 4.g3 d5 5.cxd5 Nxd5 6.Bg2 Nc6 7.O-O Be7 8.d4 O-O
9.Nxd5 exd5 10.dxc5 Bxc5 11.b3 Bf5 12.Bb2 Be4 13.Rc1 Bb6 14.Qd2 Qe7 15.Rfd1 Rfe8
16.e3 Rad8 17.Ba1 f6 18.Qe2 Qf7 19.Nd4 Bxd4 20.Bxd4 Bxg2 21.Kxg2 Re4 22.Bb2 Re7
23.Rd2 Qe6 24.Rcd1 Qe4+ 25.Qf3 Qxf3+ 26.Kxf3 Red7 27.g4 Kf7 28.Ke2 Ke6 29.f4 f5
30.gxf5+ Kxf5 31.Kf3 Ke6 32.h4 Rf8 33.Kg4 g6 34.e4 h5+ 35.Kg5 d4 36.Bxd4 Nd8
37.Bg7 Nf7+ 38.Kxg6 Nh8+ 39.Kh6 Nf7+ 40.Kxh5  1-0

[Event "Baile Herculane zt"]
[Site "Baile Herculane"]
[Date "1982.??.??"]
[Round "5"]
[White "Ribli, Zoltan"]
[Black "Sznapik, Aleksander"]
[Result "1/2-1/2"]
[WhiteElo "2590"]
[BlackElo "2440"]

1.Nf3 g6 2.e4 Bg7 3.d4 d6 4.Be2 Nf6 5.Nc3 O-O 6.O-O c6 7.h3 Nbd7 8.e5 Ne8
9.Re1 dxe5 10.dxe5 Nc7 11.Bf4 Ne6 12.Bg3 b5 13.a4 b4 14.Ne4 Qa5 15.Ned2 Rd8
16.Nc4 Qc5 17.Bd3 Nb6 18.Nxb6  1/2-1/2

[Event "Baile Herculane zt"]
[Site "Baile Herculane"]
[Date "1982.??.??"]
[Round "7"]
[White "Ribli, Zoltan"]
[Black "Inkiov, Ventzislav"]
[Result "1/2-1/2"]
[WhiteElo "2590"]
[BlackElo "2495"]

1.c4 Nf6 2.Nf3 e6 3.Nc3 d5 4.d4 Nbd7 5.Bg5 c6 6.e3 Qa5 7.Nd2 Bb4 8.cxd5 Nxd5
9.Nce4 e5 10.a3 Bxd2+ 11.Qxd2 Qxd2+ 12.Kxd2 O-O 13.Nc3 exd4 14.Nxd5 cxd5
15.exd4 Nb8 16.b4 Nc6 17.Be3 Be6 18.Bd3 Rac8 19.Rhc1 Nb8 20.b5 Nd7 21.Bf4 Nb6
22.Bd6 Rfe8 23.Bc5 Nc4+ 24.Bxc4 dxc4 25.Bxa7 Bd5 26.f3 Re6 27.a4 Rce8 28.Kc3 Ra8
29.b6 Re3+ 30.Kb4 Rb3+ 31.Kc5 Bc6 32.Kd6 Rd8+ 33.Kc7 Rd7+ 34.Kb8 Rd3 35.Ka8  1/2-1/2

[Event "Baile Herculane zt"]
[Site "Baile Herculane"]
[Date "1982.??.??"]
[Round "11"]
[White "Ribli, Zoltan"]
[Black "Schmidt, Wlodzimierz"]
[Result "1-0"]
[WhiteElo "2590"]
[BlackElo "2485"]

1.Nf3 Nf6 2.d4 g6 3.Bg5 Bg7 4.Nbd2 d6 5.e4 h6 6.Bh4 g5 7.Bg3 Nh5 8.c3 e6
9.Bd3 O-O 10.O-O Nc6 11.Nc4 f5 12.exf5 exf5 13.h3 f4 14.Bh2 Nf6 15.Re1 Ne7
16.a4 a5 17.Qb3 Kh8 18.Rxe7 Qxe7 19.Nce5 Qe6 20.d5 Qe8 21.Ng6+ Kg8 22.Re1 Qd8
23.Nxf8 Qxf8 24.h4 Ng4 25.hxg5 hxg5 26.Nxg5 Be5 27.Nf3 Qg7 28.Qc4 Nxh2 29.Kxh2 Bd7
30.Nxe5 dxe5 31.d6+  1-0

[Event "Baile Herculane zt"]
[Site "Baile Herculane"]
[Date "1982.??.??"]
[Round "12"]
[White "Radulov, Ivan"]
[Black "Ribli, Zoltan"]
[Result "1/2-1/2"]
[WhiteElo "2505"]
[BlackElo "2590"]

1.e4 c5 2.Nf3 d6 3.d4 cxd4 4.Nxd4 Nf6 5.Nc3 a6 6.a4 e6 7.Be2 Be7 8.O-O O-O
9.f4 Qc7 10.Be3 Nc6 11.Qe1 Nxd4 12.Bxd4 e5 13.Be3 exf4 14.Bxf4 Be6 15.Qg3 Rfd8
16.Bh6  1/2-1/2

[Event "Baile Herculane zt"]
[Site "Baile Herculane"]
[Date "1982.??.??"]
[Round "13"]
[White "Ribli, Zoltan"]
[Black "Spiridonov, Nikola"]
[Result "1-0"]
[WhiteElo "2590"]
[BlackElo "2440"]

1.c4 c5 2.Nf3 Nf6 3.Nc3 Nc6 4.e3 e6 5.d4 cxd4 6.exd4 d5 7.cxd5 Nxd5 8.Bd3 Be7
9.O-O O-O 10.Re1 Ncb4 11.Bb1 Nf6 12.Ne5 Bd7 13.Re3 Bc6 14.Rg3 g6 15.Bh6 Nbd5
16.Bxf8 Bxf8 17.Bc2 Rc8 18.Bb3 Bg7 19.Rc1 Bh6 20.Nxd5 Nxd5 21.Rc5 Bf4 22.Nxc6 bxc6
23.Rf3 Bd6 24.Rc2 Rc7 25.Bxd5 cxd5 26.g3 Kg7 27.Qc1 Rxc2 28.Qxc2 Bc7 29.Qc1 g5
30.Rc3 Bb6 31.Qe3 Qf6 32.Rd3 Kg6 33.b4 Qe7 34.Qd2 Qd7 35.Qc2 f5 36.a4 g4
37.a5 Bd8 38.Rc3 Qb5 39.Rc6 Qxb4 40.Rxe6+ Bf6 41.Qc8 Qxd4 42.Qg8+ Kh6 43.Kg2 Qc3
44.h4 gxh3+ 45.Kxh3 Qa1 46.Kg2 Qb2 47.Qf7 Kg5 48.Rxf6  1-0

[Event "Baile Herculane zt"]
[Site "Baile Herculane"]
[Date "1982.??.??"]
[Round "14"]
[White "Farago, Ivan"]
[Black "Ribli, Zoltan"]
[Result "1/2-1/2"]
[WhiteElo "2485"]
[BlackElo "2590"]

1.Nf3 Nf6 2.g3 b6 3.Bg2 Bb7 4.O-O e6 5.c4 Be7 6.Nc3 O-O 7.d4 Ne4 8.Qc2 Nxc3
9.Qxc3 c5 10.Be3 d6 11.Rad1 Nd7 12.Ne1 Bxg2 13.Nxg2  1/2-1/2

[Event "Baile Herculane zt"]
[Site "Baile Herculane"]
[Date "1982.??.??"]
[Round "15"]
[White "Ribli, Zoltan"]
[Black "Lukacs, Peter"]
[Result "1/2-1/2"]
[WhiteElo "2590"]
[BlackElo "2470"]

1.c4 c5 2.Nf3 Nf6 3.Nc3 e6 4.g3 d5 5.cxd5 Nxd5 6.Bg2 Nc6 7.O-O Be7 8.d4 O-O
9.e4 Ndb4 10.d5 exd5 11.exd5 Nd4 12.a3 Nxd5 13.Nxd4 Nxc3 14.bxc3 cxd4 15.cxd4 Rb8
16.Rb1 b5 17.Qd3 b4 18.Bf4 Rb6 19.axb4 Rxb4 20.d5 Rxb1 21.Rxb1 Bd6 22.Bxd6 Qxd6
23.Qd4 Bf5 24.Ra1 a6 25.h4 Bd7 26.Bf1 Bb5 27.Bxb5 axb5 28.Rc1 Rb8 29.Rc6 Qd7  1/2-1/2

[Event "Baile Herculane zt"]
[Site "Baile Herculane"]
[Date "1982.??.??"]
[Round "16"]
[White "Ribli, Zoltan"]
[Black "Ambroz, Jan"]
[Result "1-0"]
[WhiteElo "2590"]
[BlackElo "2430"]

1.Nf3 Nf6 2.c4 b6 3.Nc3 c5 4.g3 Bb7 5.Bg2 e6 6.O-O Be7 7.d4 cxd4 8.Qxd4 d6
9.Rd1 a6 10.b3 Nbd7 11.e4 Qc7 12.Ba3 Nc5 13.e5 dxe5 14.Qxe5 Rc8 15.Qxc7 Rxc7
16.Bc1 Nfe4 17.Bf4 Rc8 18.Nxe4 Bxe4 19.Bd6 Bf6 20.Ne5 Bxg2 21.Kxg2 Bxe5 22.Bxe5 f6
23.Bd6 Rc6 24.Rd4 e5 25.Rd5 Ne6 26.f4 exf4 27.gxf4 g6 28.Kf3 Kf7 29.Ba3 Nc5
30.Bxc5 Rxc5 31.Rd7+ Ke6 32.Rad1 Rc6 33.Rb7 h5 34.h4 Rg8 35.Re1+ Kd6 36.a3 Rgc8
37.Rg1 R8c7 38.Rb8 Rc8 39.Rxc8 Rxc8 40.Rxg6 Ke6 41.Rh6 b5 42.Rxh5 bxc4 43.bxc4 Rxc4
44.Ra5 Rc3+ 45.Kg4 f5+ 46.Kh5 Rg3 47.Rxa6+ Kf7 48.Kh6 Rg4 49.h5 Rxf4 50.Kg5 Rf1
51.a4 Ke7 52.h6 Rg1+ 53.Kxf5 Rf1+ 54.Kg6 Rg1+ 55.Kh7  1-0

[Event "Baile Herculane zt"]
[Site "Baile Herculane"]
[Date "1982.??.??"]
[Round "18"]
[White "Ribli, Zoltan"]
[Black "Ghinda, Mihail Viorel"]
[Result "1-0"]
[WhiteElo "2590"]
[BlackElo "2425"]

1.Nf3 g6 2.d4 Bg7 3.c3 Nf6 4.Bg5 b6 5.Nbd2 Bb7 6.a4 c5 7.e3 h6 8.Bh4 Nc6
9.Bd3 O-O 10.O-O d6 11.Qb1 Rc8 12.Rc1 cxd4 13.exd4 Nd5 14.Re1 Nf4 15.Bc4 Qd7
16.Bg3 g5 17.Bb5 a6 18.Bf1 e5 19.Nc4 Qc7 20.Ne3 Ne7 21.Nf5 Nxf5 22.Qxf5 e4
23.Bxf4 gxf4 24.Rxe4 Bxe4 25.Qxe4 Rfe8 26.Qxf4 Rcd8 27.Nh4 Qe7 28.Nf5 Qf6
29.g3 Bf8 30.h4 Qe6 31.Bg2 Rb8 32.Ne3 Bg7 33.Bc6 Re7 34.Nd5 Ra7 35.Qf3 Kf8
36.Kg2 Qc8 37.Nf4 Rc7 38.Re1 Qf5 39.Be4 Qf6 40.Qg4 Qd8 41.Nh5  1-0

[Event "Baile Herculane zt"]
[Site "Baile Herculane"]
[Date "1982.??.??"]
[Round "19"]
[White "Meduna, Eduard"]
[Black "Ribli, Zoltan"]
[Result "1/2-1/2"]
[WhiteElo "2490"]
[BlackElo "2590"]

1.d4 Nf6 2.c4 e6 3.Nf3 d5 4.Nc3 c5 5.cxd5 Nxd5 6.e3 Nc6 7.Bc4 cxd4 8.exd4 Be7
9.O-O O-O 10.Re1 Nxc3 11.bxc3 b6 12.Bd3 Bb7 13.h4  1/2-1/2

[Event "Luzern ol (Men)"]
[Site "Luzern"]
[Date "1982.??.??"]
[Round "6"]
[White "Trepp, Markus"]
[Black "Ribli, Zoltan"]
[Result "1-0"]
[WhiteElo "2220"]
[BlackElo "2580"]

1.e4 c5 2.Nf3 d6 3.d4 cxd4 4.Nxd4 Nf6 5.Nc3 a6 6.Be3 e6 7.f4 b5 8.Qf3 Bb7
9.Bd3 Nbd7 10.g4 b4 11.Nce2 Nc5 12.Ng3 Qc7 13.O-O Nfd7 14.f5 Ne5 15.Qe2 exf5
16.Ndxf5 g6 17.Nh6 Bg7 18.Bc4 Rf8 19.Bd5 Bc6 20.Rad1 Bb5 21.Qf2 O-O-O 22.Rfe1 Bxh6
23.Bxh6 Nxg4 24.Qf4 Nxh6 25.Qxh6 f5 26.exf5 gxf5 27.Qf4 a5 28.Re3 Kb8 29.c3 bxc3
30.bxc3 Bc6 31.Nxf5 Nb7 32.c4 Bxd5 33.Rxd5 Qb6 34.Rb5 Qa7 35.c5 Ka8 36.Re7 Rb8
37.Qe4 dxc5 38.Kh1 Rfd8 39.h3 c4 40.Ne3 Rd4 41.Qf3 Qa6  1-0

[Event "Luzern ol (Men)"]
[Site "Luzern"]
[Date "1982.??.??"]
[Round "9"]
[White "Smejkal, Jan"]
[Black "Ribli, Zoltan"]
[Result "1/2-1/2"]
[WhiteElo "2565"]
[BlackElo "2580"]

1.c4 c5 2.Nf3 Nf6 3.Nc3 e6 4.g3 b6 5.Bg2 Bb7 6.O-O Be7 7.b3 d5 8.cxd5 Nxd5
9.Nxd5 Bxd5 10.Bb2 O-O 11.Qb1 Nd7 12.Rd1 Qc7 13.d4 Qb7 14.dxc5 Nxc5 15.Bd4  1/2-1/2

[Event "Luzern ol (Men)"]
[Site "Luzern"]
[Date "1982.??.??"]
[Round "10"]
[White "Ribli, Zoltan"]
[Black "Unzicker, Wolfgang"]
[Result "1-0"]
[WhiteElo "2580"]
[BlackElo "2465"]

1.c4 Nf6 2.d4 e6 3.g3 d5 4.Bg2 dxc4 5.Nf3 c5 6.O-O Nc6 7.Qa4 Bd7 8.Qxc4 Rc8
9.Nc3 b5 10.Qd3 cxd4 11.Nxd4 Ne5 12.Qd1 Qb6 13.a4 bxa4 14.Nxa4 Qb8 15.Bf4 Bd6
16.Nc3 Nc4 17.Bxd6 Nxd6 18.Ra6 Qxb2 19.Na4 Qb8 20.Nc6 Bxc6 21.Bxc6+ Ke7 22.Qa1 Rhd8
23.Rb1 Qc7 24.Qa3 Rb8 25.Rxb8 Qxb8 26.Nc5 Rc8 27.Rxa7+ Kf8 28.Rb7  1-0

[Event "Luzern ol (Men)"]
[Site "Luzern"]
[Date "1982.??.??"]
[Round "11"]
[White "Ribli, Zoltan"]
[Black "Gligoric, Svetozar"]
[Result "1-0"]
[WhiteElo "2580"]
[BlackElo "2530"]

1.Nf3 Nf6 2.d4 e6 3.c4 b6 4.a3 d5 5.Nc3 Be7 6.cxd5 exd5 7.Bf4 O-O 8.e3 c5
9.Be2 Bb7 10.Ne5 Nbd7 11.O-O Rc8 12.dxc5 Nxc5 13.Nb5 a6 14.Nd4 Bd6 15.Bg4 Nxg4
16.Qxg4 Qf6 17.Nd7 Nxd7 18.Qxd7 Bxf4 19.Qxb7 Be5 20.Rad1 b5 21.Qxd5 Rfd8
22.Qe4 g6 23.Rd2 Bxd4 24.exd4 Qg5 25.f4 Qd5 26.Qxd5 Rxd5 27.Kf2 Kf8 28.g4 h5
29.h3 b4 30.axb4 Rc4 31.Ke3 Rxb4 32.Ke4 Rd6 33.f5 hxg4 34.hxg4 g5 35.Rh1 Kg7
36.Rh5 f6 37.Rh3 Rdb6 38.Rdh2 Rxb2 39.Rh7+ Kf8 40.Rh8+ Ke7 41.R2h7+ Kd6 42.Rf8 Kc6  1-0